[Event "45th World U20 ch"]
[Site "Yerevan ARM"]
[Date "2006.10.14"]
[Round "11.28"]
[White "Hungaski, Robert"]
[Black "Rej, Tomek"]
[Result "1/2-1/2"]
[WhiteElo "2366"]
[BlackElo "2257"]
[EventDate "2006.10.02"]
[PlyCount "114"]

1.e4 e5 2.Nf3 Nc6 3.Bb5 a6 4.Bxc6 dxc6 5.O-O Qf6 6.d3 Bg4 7.Be3 Ne7 8.Nbd2
Ng6 9.h3 Bxf3 10.Qxf3 Qxf3 11.Nxf3 c5 12.Nd2 Bd6 13.g3 Ne7 14.f4 Nc6 15.c3
O-O-O 16.Kf2 f5 17.Ke2 g6 18.fxe5 Nxe5 19.exf5 gxf5 20.Rxf5 Rhe8 21.Nf1 
Re6 22.b3 Bf8 23.Rd1 Nc6 24.Kd2 Ne7 25.Rf3 Nd5 26.Kc2 Bg7 27.Bd2 Re2 28.d4
cxd4 29.Kd3 Rxd2+ 30.Kxd2 dxc3+ 31.Kc1 Bh6+ 32.Kb1 c2+ 33.Kxc2 Nb4+ 34.Kc3
Nxa2+ 35.Kc2 Nb4+ 36.Kc3 Rxd1 37.Kxb4 b6 38.h4 Rd7 39.Kc3 c5 40.Kc2 Kc7 
41.g4 Bg7 42.g5 Kd6 43.Ng3 Ke6 44.Nf5 Be5 45.Nh6 Rd4 46.Rf7 Rxh4 47.Rxh7 
Rh2+ 48.Kd1 Bf4 49.Rb7 Bxg5 50.Rxb6+ Kd5 51.Nf7 Be3 52.Rxa6 Ke4 53.Re6+ 
Kd3 54.Ne5+ Kc3 55.Nf3 Rh1+ 56.Ke2 Bd4 57.b4 Kxb4 1/2-1/2

[Event "45th World U20 ch"]
[Site "Yerevan ARM"]
[Date "2006.10.14"]
[Round "11.29"]
[White "Cheng, Bindi"]
[Black "Matsenko, Sergei"]
[Result "0-1"]
[WhiteElo "2185"]
[BlackElo "2363"]
[EventDate "2006.10.02"]
[PlyCount "66"]

1.d4 d5 2.Nf3 Nf6 3.Bf4 c5 4.e3 Nc6 5.Nbd2 Qb6 6.dxc5 Qxb2 7.Bd3 Qc3 8.O-O
e5 9.Bg5 e4 10.Bxf6 Qxf6 11.Bxe4 dxe4 12.Nxe4 Qd8 13.Qe2 Bg4 14.Rad1 Qc7 
15.Qc4 Bxf3 16.gxf3 Be7 17.Nd6+ Bxd6 18.cxd6 Qd7 19.Qe4+ Kf8 20.f4 Re8 21.
Qf3 h5 22.Rd5 Qg4+ 23.Qxg4 hxg4 24.Rfd1 Rh6 25.c4 Rd8 26.e4 Rh3 27.Kg2 Rf3
28.Rf5 g6 29.Rf6 Kg7 30.e5 Rc3 31.Rd5 Rxc4 32.Kg3 Ra4 33.Kxg4 Nxe5+ 0-1

[Event "45th World U20 ch"]
[Site "Yerevan ARM"]
[Date "2006.10.14"]
[Round "11.39"]
[White "Alaverdian, Gevorg"]
[Black "Smith, Axel"]
[Result "1-0"]
[WhiteElo "2202"]
[BlackElo "2215"]
[EventDate "2006.10.02"]
[PlyCount "151"]

1.e4 e6 2.d4 d5 3.Nc3 Bb4 4.e5 c5 5.a3 cxd4 6.axb4 dxc3 7.Qg4 Ne7 8.Nf3 
Qc7 9.Bd3 Nbc6 10.O-O Nxe5 11.Nxe5 Qxe5 12.Bf4 Qf6 13.Bg5 e5 14.Bxf6 Bxg4 
15.Bxg7 cxb2 16.Rab1 Rg8 17.Bxe5 Bh3 18.Bg3 Bf5 19.Bb5+ Bd7 20.Be2 Bf5 21.
Rxb2 Rc8 22.Re1 Kd7 23.Bb5+ Nc6 24.Rd1 Rcd8 25.Bh4 Be4 26.Bxd8 Rxg2+ 27.
Kf1 Rxh2 28.Ke2 Kxd8 29.Bxc6 bxc6 30.Ra1 Rh6 31.Rxa7 Ke8 32.Rc7 Re6 33.c3 
h5 34.f3 Bg6+ 35.Kf2 Rf6 36.b5 cxb5 37.Rxb5 Kf8 38.Rc8+ Kg7 39.Rxd5 h4 40.
Rg5 h3 41.Rg3 h2 42.Kg2 Rxf3 43.Rxf3 Be4 44.Kxh2 Bxf3 45.Kg3 Bh1 46.c4 Kf6
47.Re8 Kg5 48.c5 Kf5 49.Re1 Ba8 50.Rf1+ Ke5 51.Re1+ Kd5 52.Rc1 Bc6 53.Kf4 
Bb5 54.Kf5 Bd7+ 55.Kf6 Bb5 56.Kxf7 Ba4 57.Ke7 Bb5 58.Kf6 Bc6 59.Kf5 Bd7+ 
60.Kf4 Bb5 61.Ke3 Bc6 62.Rc2 Bb5 63.Rc3 Bc6 64.Kd2 Be8 65.Ke3 Bb5 66.Kd2 
Be8 67.Kc2 Kc6 68.Kd2 Kb5 69.Kd3 Kc6 70.Kd4 Kc7 71.Rf3 Bh5 72.Rf6 Bg4 73.
c6 Kd8 74.Kc5 Ke8 75.Kd6 Bc8 76.Rh6 1-0

[Event "45th World U20 ch"]
[Site "Yerevan ARM"]
[Date "2006.10.15"]
[Round "12.3"]
[White "Pantsulaia, Levan"]
[Black "Pashikian, Arman"]
[Result "1-0"]
[WhiteElo "2596"]
[BlackElo "2527"]
[EventDate "2006.10.02"]
[PlyCount "93"]

1.c4 Nf6 2.Nf3 e6 3.g3 d5 4.Bg2 Be7 5.O-O O-O 6.Qc2 Nc6 7.a3 dxc4 8.Qxc4 
e5 9.d3 Be6 10.Qc2 a5 11.Nbd2 Bg4 12.b3 Re8 13.Bb2 Bf8 14.h3 Bh5 15.e4 Qd6
16.Nc4 Qc5 17.g4 Bg6 18.Rac1 Nd7 19.Rfd1 Qb5 20.Bf1 Qc5 21.Qe2 Qa7 22.Qc2 
f6 23.Ne3 Nc5 24.Nd5 Ne6 25.Qd2 Rac8 26.b4 Ne7 27.Nxe7+ Bxe7 28.d4 Bxe4 
29.Bc4 Bf8 30.Qe3 Bxf3 31.Qxf3 Kh8 32.dxe5 fxe5 33.Bxe6 Rxe6 34.Rxc7 Qa8 
35.Qxb7 Qxb7 36.Rxb7 axb4 37.axb4 h5 38.gxh5 Kh7 39.Rd5 e4 40.Bd4 Rc1+ 41.
Kg2 Rd1 42.Rdd7 Rc6 43.b5 Rcc1 44.Kg3 Rb1 45.b6 Rb5 46.Be3 Bd6+ 47.Kh4 1-0

[Event "45th World U20 ch"]
[Site "Yerevan ARM"]
[Date "2006.10.15"]
[Round "12.4"]
[White "Frolyanov, Dmitry"]
[Black "Meier, Georg"]
[Result "1/2-1/2"]
[WhiteElo "2498"]
[BlackElo "2484"]
[EventDate "2006.10.02"]
[PlyCount "25"]

1.e4 e6 2.d4 d5 3.Nc3 dxe4 4.Nxe4 Nd7 5.Nf3 Ngf6 6.Nxf6+ Nxf6 7.Bd3 c5 8.
dxc5 Bxc5 9.Bg5 h6 10.Bh4 O-O 11.O-O b6 12.Qe2 Bb7 13.Rad1 1/2-1/2

[Event "45th World U20 ch"]
[Site "Yerevan ARM"]
[Date "2006.10.15"]
[Round "12.5"]
[White "Esen, Baris"]
[Black "Kryvoruchko, Yuriy"]
[Result "0-1"]
[WhiteElo "2464"]
[BlackElo "2581"]
[EventDate "2006.10.02"]
[PlyCount "94"]

1.d4 Nf6 2.c4 c5 3.d5 b5 4.cxb5 a6 5.b6 Bb7 6.Nc3 e6 7.e4 exd5 8.exd5 d6 
9.a4 a5 10.g4 Be7 11.h3 O-O 12.Nge2 Na6 13.Bg2 Nb4 14.O-O Ba6 15.Nb5 Bxb5 
16.axb5 Nd7 17.b7 Ra7 18.Bd2 Rxb7 19.Ng3 Re8 20.Bc3 Bf8 21.Qd2 Rxb5 22.
Rfe1 Rxe1+ 23.Rxe1 Na2 24.Ra1 Nxc3 25.bxc3 g6 26.Qa2 Bg7 27.Ne4 Nf6 28.Qa4
Rb8 29.Nd2 h5 30.Qxa5 Qxa5 31.Rxa5 hxg4 32.Nc4 gxh3 33.Bxh3 Ne4 34.Ra6 
Nxc3 35.Rxd6 Bd4 36.Rb6 Rxb6 37.Nxb6 Ne4 38.Bg2 Nxf2 39.Kf1 Ng4 40.Ke2 Ne3
41.Bh1 Nf5 42.Kd3 Kf8 43.Nc4 Ke7 44.Bg2 Nd6 45.Nxd6 Kxd6 46.Kc4 Bg7 47.Bf1
Bf8 0-1

[Event "45th World U20 ch"]
[Site "Yerevan ARM"]
[Date "2006.10.15"]
[Round "12.7"]
[White "Gomez, John Paul"]
[Black "Khairullin, Ildar"]
[Result "0-1"]
[WhiteElo "2387"]
[BlackElo "2543"]
[EventDate "2006.10.02"]
[PlyCount "134"]

1.e4 c5 2.Nc3 d6 3.Nf3 Nf6 4.d4 cxd4 5.Nxd4 a6 6.f4 e5 7.Nf3 Nbd7 8.a4 Be7
9.Bc4 Qa5 10.Qe2 O-O 11.O-O b5 12.Nd5 bxc4 13.Nxe7+ Kh8 14.Qxc4 Qb6+ 15.
Kh1 a5 16.Nxc8 Raxc8 17.Qb5 Qc7 18.fxe5 dxe5 19.Bd2 Qxc2 20.Rac1 Qxe4 21.
Ng5 Qg6 22.Qxa5 h6 23.Nf3 Qd3 24.Bc3 Rc5 25.Qa7 Ne4 26.Bb4 Rxc1 27.Rxc1 
Re8 28.Re1 f5 29.a5 Kh7 30.h3 Ndf6 31.Kh2 Qb5 32.Ba3 Rc8 33.Qf7 Qxa5 34.
Qe6 Re8 35.Qf7 Qd5 36.Qc7 Kg8 37.Nh4 Qe6 38.Rc1 f4 39.Qb7 Qd5 40.Qa7 Ra8 
41.Qe7 Ng3 42.Rc7 Nfh5 43.Rd7 Qe4 44.Rd1 Qe2 45.Qe6+ Kh7 46.Qg6+ Kh8 47.
Qg4 Qxg4 48.hxg4 Nf6 49.Ng6+ Kh7 50.Nxe5 Re8 51.Bd6 Nge4 52.Bc7 Re7 53.Rc1
Nd5 54.Re1 Nef6 55.Bd6 Re6 56.Bb8 Rb6 57.Ba7 Rxb2 58.Kh3 Rb3+ 59.Nf3 g5 
60.Re5 Rb1 61.Bg1 Kg6 62.Rf5 Ne3 63.Re5 Nfxg4 64.Re6+ Kf7 65.Ra6 Nf2+ 66.
Bxf2 Rh1+ 67.Nh2 g4+ 0-1

[Event "45th World U20 ch"]
[Site "Yerevan ARM"]
[Date "2006.10.15"]
[Round "12.9"]
[White "Zhou Jianchao"]
[Black "Rodshtein, Maxim"]
[Result "0-1"]
[WhiteElo "2522"]
[BlackElo "2517"]
[EventDate "2006.10.02"]
[PlyCount "100"]

1.Nf3 Nf6 2.c4 c6 3.d4 d5 4.Nc3 e6 5.Bg5 h6 6.Bh4 dxc4 7.e4 g5 8.Bg3 b5 9.
Be2 Bb7 10.h4 g4 11.Ne5 Nbd7 12.Nxg4 b4 13.Nxf6+ Nxf6 14.Na4 Nxe4 15.Be5 
Rg8 16.Bxc4 Bd6 17.Qh5 Nf6 18.Qe2 Bxe5 19.dxe5 Nd5 20.Nc5 Qb6 21.Nxb7 Qxb7
22.Bxd5 cxd5 23.O-O Qe7 24.g3 Qxh4 25.Rfc1 Kf8 26.Rc7 Qg4 27.Qe3 Kg7 28.
Rac1 h5 29.Kg2 h4 30.Rh1 Rh8 31.Rh3 a5 32.f3 Qg6 33.Rc1 Rad8 34.Qb6 Qd3 
35.Rf1 Qe2+ 36.Rf2 Qxe5 37.Qxa5 Qd6 38.a3 bxa3 39.bxa3 hxg3 40.Rxg3+ Kf6 
41.f4 Rdg8 42.Rf3 Rxg3+ 43.Kxg3 Rg8+ 44.Kf2 Rc8 45.Qe1 Qc5+ 46.Kg3 Ke7 47.
Rb3 Qd4 48.Rb7+ Kf6 49.Rb3 Rg8+ 50.Kf3 Kf5 0-1

[Event "45th World U20 ch"]
[Site "Yerevan ARM"]
[Date "2006.10.15"]
[Round "12.10"]
[White "Grachev, Boris"]
[Black "Grigoryan, Avetik"]
[Result "0-1"]
[WhiteElo "2583"]
[BlackElo "2404"]
[EventDate "2006.10.02"]
[PlyCount "70"]

1.d4 Nf6 2.c4 g6 3.Nc3 Bg7 4.Nf3 O-O 5.g3 c5 6.d5 d6 7.Bg2 e6 8.dxe6 Bxe6 
9.Ng5 Bxc4 10.Bxb7 Nbd7 11.Bxa8 Qxa8 12.O-O d5 13.Qc2 h6 14.Nf3 Re8 15.Re1
d4 16.Ne4 Ba6 17.Nxf6+ Nxf6 18.Bf4 Rxe2 19.Rxe2 Qxf3 20.Re7 Ng4 21.h3 Bc4 
22.Rae1 Bd5 23.R1e4 d3 24.Qd2 Nf6 25.Qe3 Bxe4 26.Qxf3 Bxf3 27.Rxa7 g5 28.
Bc1 Ne4 29.Ra3 c4 30.Ra8+ Kh7 31.Rd8 Bxb2 32.Bxb2 d2 33.a4 d1=Q+ 34.Rxd1 
Bxd1 35.a5 c3 0-1

[Event "45th World U20 ch"]
[Site "Yerevan ARM"]
[Date "2006.10.15"]
[Round "12.15"]
[White "Warakomski, Tomasz"]
[Black "Li Chao"]
[Result "1/2-1/2"]
[WhiteElo "2446"]
[BlackElo "2508"]
[EventDate "2006.10.02"]
[PlyCount "261"]

1.e4 c5 2.Nf3 d6 3.d4 cxd4 4.Nxd4 Nf6 5.Nc3 Nc6 6.Bc4 e5 7.Nf3 Be7 8.O-O 
O-O 9.Bg5 Be6 10.Bb3 Rc8 11.Bxf6 Bxf6 12.Qd3 a6 13.Rad1 Be7 14.Nd5 Bxd5 
15.Qxd5 Kh8 16.c3 Na5 17.Ne1 b5 18.Nc2 f5 19.exf5 Rxf5 20.Nb4 Nxb3 21.axb3
Qd7 22.Nxa6 Qa7 23.Nb4 Rcf8 24.Nd3 Bd8 25.Ra1 Qe7 26.Rae1 Bb6 27.Qxb5 Qa7 
28.Qa4 Qf7 29.Qh4 Qxb3 30.Re2 Qb5 31.Rd2 Be3 32.Rdd1 d5 33.c4 Qb3 34.cxd5 
Bd4 35.d6 Qd5 36.Kh1 Qxd6 37.Nxe5 Rf4 38.Rxd4 Rxd4 39.Ng6+ Kg8 40.Ne7+ Kf7
41.Nf5 Rxh4 42.Nxd6+ Ke6 43.Nb5 Rb4 44.Nc3 Rxb2 45.Kg1 Ke5 46.Nd1 Re2 47.
g3 Kd4 48.Ne3 Rd2 49.Kg2 g5 50.g4 Ke4 51.h3 Rf3 52.Nc4 Re2 53.Ne5 Rc3 54.
Nf7 Rc5 55.Rd1 Rcc2 56.Kg3 h6 57.Rf1 Rc6 58.f3+ Ke3 59.Ra1 Rf6 60.Ne5 Kd4 
61.Nd7 Rf7 62.Rd1+ Kc4 63.Rd6 Re8 64.h4 Re3 65.Nf6 gxh4+ 66.Kxh4 Rxf3 67.
g5 hxg5+ 68.Kxg5 Rg7+ 69.Kh6 Rg1 70.Ra6 Kd4 71.Ra4+ Ke5 72.Ng4+ Kf5 73.
Ra5+ Kf4 74.Ra4+ Kg3 75.Ne5 Rh1+ 76.Kg5 Rb3 77.Rg4+ Kf2 78.Rf4+ Ke2 79.
Re4+ Kd2 80.Rd4+ Kc2 81.Rc4+ Kb2 82.Rc5 Rb8 83.Rc6 Rf8 84.Ng6 Rg1+ 85.Kh6 
Rf7 86.Rc5 Kb3 87.Rg5 Rgf1 88.Rg4 Kc3 89.Kg5 R7f5+ 90.Kh6 Kd3 91.Ra4 Rc5 
92.Rf4 Rg1 93.Rf6 Rc7 94.Ra6 Rc5 95.Ra3+ Ke4 96.Ra6 Kf3 97.Kg7 Kg4 98.Ne7 
Kh5+ 99.Kf7 Rd1 100.Re6 Rc7 101.Re5+ Kg4 102.Re6 Rcd7 103.Re4+ Kg5 104.
Re5+ Kf4 105.Re6 Rd8 106.Ra6 Rg1 107.Rf6+ Ke4 108.Re6+ Kd3 109.Ra6 Rf1+ 
110.Rf6 Rh1 111.Rg6 Ra8 112.Rg3+ Ke4 113.Rg4+ Ke5 114.Rg5+ Kf4 115.Rg6 
Rh7+ 116.Rg7 Rxg7+ 117.Kxg7 Ke5 118.Ng6+ Ke6 119.Nf8+ Kf5 120.Kf7 Ra7+ 
121.Ke8 Kf6 122.Nd7+ Ke6 123.Nf8+ Kd6 124.Ng6 Rg7 125.Nf8 Re7+ 126.Kd8 Ra7
127.Ke8 Rg7 128.Kd8 Re7 129.Ng6 Rf7 130.Ke8 Rf1 131.Nf8 1/2-1/2

[Event "45th World U20 ch"]
[Site "Yerevan ARM"]
[Date "2006.10.15"]
[Round "12.16"]
[White "Sengupta, Deep"]
[Black "Deepan Chakravarthy, Jeyakumar"]
[Result "1/2-1/2"]
[WhiteElo "2420"]
[BlackElo "2501"]
[EventDate "2006.10.02"]
[PlyCount "80"]

1.e4 e5 2.Nf3 Nc6 3.Bb5 a6 4.Ba4 d6 5.c3 b5 6.Bb3 g6 7.d4 Bg7 8.a4 Rb8 9.
axb5 axb5 10.dxe5 dxe5 11.Ng5 Qxd1+ 12.Kxd1 Nd8 13.Be3 h6 14.Nf3 Be6 15.
Nbd2 Ne7 16.Kc2 Nc8 17.Ra5 Nd6 18.Rha1 Bxb3+ 19.Kxb3 Ne6 20.Kc2 f5 21.exf5
gxf5 22.Nb3 Kd7 23.Ra6 Rhg8 24.Nc5+ Nxc5 25.Bxc5 e4 26.Nh4 Be5 27.g3 f4 
28.Re1 Rbe8 29.Bxd6 Bxd6 30.Nf5 fxg3 31.fxg3 Re5 32.Nxh6 Rg7 33.g4 Re6 34.
Nf5 Rxg4 35.Re2 Re5 36.Nd4 Rh5 37.Ra5 Rxh2 38.Rxh2 Bxh2 39.Rxb5 Rg2+ 40.
Kd1 e3 1/2-1/2

[Event "45th World U20 ch"]
[Site "Yerevan ARM"]
[Date "2006.10.15"]
[Round "12.17"]
[White "Romanov, Evgeny"]
[Black "Nechepurenko, Roman"]
[Result "1/2-1/2"]
[WhiteElo "2500"]
[BlackElo "2479"]
[EventDate "2006.10.02"]
[PlyCount "95"]

1.e4 c5 2.Nf3 d6 3.d4 cxd4 4.Nxd4 Nf6 5.Nc3 a6 6.h3 e5 7.Nde2 b5 8.g4 Bb7 
9.Bg2 b4 10.Nd5 Nxd5 11.exd5 Be7 12.Ng3 O-O 13.O-O a5 14.Nf5 Bc8 15.Nxe7+ 
Qxe7 16.a3 b3 17.cxb3 f5 18.f4 Nd7 19.g5 Ba6 20.Re1 Nc5 21.Qf3 e4 22.Qe3 
Qb7 23.b4 axb4 24.axb4 Nd3 25.Rd1 Nxb4 26.Ra4 Bd3 27.Rxa8 Rxa8 28.Qd4 Ra1 
29.b3 Rb1 30.Kh2 Na2 31.Qa4 Qc8 32.Qxa2 Rxc1 33.Rxc1 Qxc1 34.Qa8+ Kf7 35.
Qa7+ Kg6 36.Kg3 h6 37.gxh6 Kxh6 38.Qb6 e3 39.Qd8 Qe1+ 40.Kh2 Qe2 41.Qxd6+ 
Kh7 42.Qe7 Be4 43.Qg5 Bxg2 44.Qxf5+ Kg8 45.Qc8+ Kf7 46.Qd7+ Kg6 47.Qe6+ 
Kh7 48.Qf5+ 1/2-1/2

[Event "45th World U20 ch"]
[Site "Yerevan ARM"]
[Date "2006.10.15"]
[Round "12.21"]
[White "Nasri, Amin"]
[Black "Amin, Bassem"]
[Result "0-1"]
[WhiteElo "2227"]
[BlackElo "2504"]
[EventDate "2006.10.02"]
[PlyCount "132"]

1.d4 e6 2.c4 f5 3.g3 Nf6 4.Bg2 Be7 5.Nf3 d6 6.O-O O-O 7.Nc3 Qe8 8.Re1 Ne4 
9.Nxe4 fxe4 10.Ng5 Bxg5 11.Bxg5 Qg6 12.Qd2 Nc6 13.Be3 Bd7 14.Rac1 Ne7 15.
Bg5 Nc6 16.Be3 e5 17.d5 Nb8 18.c5 Na6 19.c6 bxc6 20.Qa5 cxd5 21.Qxa6 c6 
22.Qb7 Qf7 23.Bxa7 c5 24.f3 exf3 25.exf3 Be6 26.Qxf7+ Bxf7 27.Bb6 Ra6 28.
Bc7 Rc8 29.Bxd6 Rxd6 30.Rxe5 c4 31.Re2 Ra6 32.a3 d4 33.f4 Rb8 34.Rd2 d3 
35.Be4 Rab6 36.Rc3 Re8 37.Bf3 Kf8 38.a4 Re1+ 39.Kf2 Ra1 40.Bd1 Ra2 41.Ke3 
Ke7 42.Kd4 Rbxb2 43.Rxb2 Rxb2 44.Rc1 Kd6 45.Ra1 Kc6 46.a5 Kb7 47.h3 Ka6 
48.g4 Rh2 49.Rb1 Rh1 50.f5 Rf1 51.h4 h5 52.gxh5 Bxh5 53.Kxc4 Bxd1 54.Rb6+ 
Kxa5 55.Rd6 Be2 56.Kc3 Rxf5 57.Rd7 Rc5+ 58.Kd2 Rc2+ 59.Ke3 Rc4 60.Rxg7 
Rxh4 61.Kd2 Ka4 62.Rd7 Kb3 63.Rc7 Rb4 64.Rf7 Kb2 65.Rf6 Kb1 66.Rf8 Rb2+ 
0-1

[Event "45th World U20 ch"]
[Site "Yerevan ARM"]
[Date "2006.10.15"]
[Round "12.23"]
[White "Matsenko, Sergei"]
[Black "Zarkua, Davit"]
[Result "1-0"]
[WhiteElo "2363"]
[BlackElo "2411"]
[EventDate "2006.10.02"]
[PlyCount "109"]

1.e4 c6 2.d4 d5 3.e5 Bf5 4.Nc3 Qb6 5.Nf3 e6 6.Be2 Nd7 7.O-O Qd8 8.Be3 Bg4 
9.h3 Bxf3 10.Bxf3 Ne7 11.Be2 c5 12.Nb5 Nf5 13.c4 a6 14.Nc3 cxd4 15.Bxd4 
dxc4 16.Ne4 Rc8 17.Bc3 Nc5 18.Qxd8+ Rxd8 19.Nd2 b5 20.b3 Nd4 21.Bd1 cxb3 
22.Nxb3 Ndxb3 23.axb3 Rd3 24.Rc1 Be7 25.Bb4 Rd5 26.Bf3 Rxe5 27.Bc6+ Kf8 
28.Rfd1 g6 29.Bc3 f6 30.Bxe5 fxe5 31.b4 Nb3 32.Rb1 Nd4 33.Bf3 Kf7 34.Rb2 
Rc8 35.Bb7 Rc7 36.Be4 Rc4 37.Rdb1 a5 38.bxa5 Ra4 39.Bd3 Rxa5 40.Rc1 b4 41.
Rc7 Kf6 42.Rb7 Ra1+ 43.Kh2 Rd1 44.Be4 Re1 45.f3 Re3 46.Ra2 Bc5 47.Ra5 Rc3 
48.Rxh7 Ne2 49.h4 Bg1+ 50.Kh3 Rc1 51.Rb5 Nf4+ 52.Kg4 Bb6 53.Rxb6 Rg1 54.g3
Ne2 55.Kh3 1-0

[Event "45th World U20 ch"]
[Site "Yerevan ARM"]
[Date "2006.10.15"]
[Round "12.24"]
[White "Arngrimsson, Dagur"]
[Black "Filippov, Anton"]
[Result "1/2-1/2"]
[WhiteElo "2305"]
[BlackElo "2501"]
[EventDate "2006.10.02"]
[PlyCount "105"]

1.e4 e5 2.Nf3 Nc6 3.Bb5 a6 4.Ba4 Nf6 5.O-O Be7 6.Bxc6 dxc6 7.Qe1 Nd7 8.b3 
c5 9.Bb2 Bd6 10.c3 O-O 11.d4 cxd4 12.cxd4 exd4 13.Bxd4 Nc5 14.Nbd2 f5 15.
e5 Be7 16.Bxc5 Bxc5 17.Qe2 Be6 18.Rac1 Qe7 19.Rfd1 Rad8 20.Nc4 Rxd1+ 21.
Rxd1 Rd8 22.h4 h6 23.Ne3 Rxd1+ 24.Qxd1 Qd7 25.Qxd7 Bxd7 26.Nd5 c6 27.Nf4 
Kf7 28.Kf1 Bc8 29.Ke2 g6 30.g3 Be7 31.Nh3 Be6 32.Nf4 g5 33.hxg5 hxg5 34.
Nh3 Kg6 35.Nd4 Bd5 36.f4 c5 37.fxg5 Bxg5 38.Nf3 Bxf3+ 39.Kxf3 Bd2 40.g4 
fxg4+ 41.Kxg4 b5 42.Nf4+ Kf7 43.Nd5 Ke6 44.Nc7+ Kxe5 45.Nxa6 Kd6 46.Kf3 
Bg5 47.Ke4 Be7 48.a4 b4 49.Kd3 Kc6 50.Kc4 Bf8 51.Nb8+ Kc7 52.Na6+ Kc6 53.
Nb8+ 1/2-1/2

[Event "45th World U20 ch"]
[Site "Yerevan ARM"]
[Date "2006.10.15"]
[Round "12.25"]
[White "Margvelashvili, Giorgi"]
[Black "Valeanu, Eduard-Andrei"]
[Result "1-0"]
[WhiteElo "2456"]
[BlackElo "2361"]
[EventDate "2006.10.02"]
[PlyCount "115"]

1.Nf3 c5 2.c4 Nc6 3.Nc3 g6 4.g3 Bg7 5.Bg2 e5 6.O-O Nge7 7.Ne1 d6 8.Nc2 Be6
9.Nd5 O-O 10.d3 Qd7 11.Rb1 Bh3 12.b4 Bxg2 13.Kxg2 f5 14.Nxe7+ Qxe7 15.bxc5
dxc5 16.Ne3 b6 17.Nd5 Qf7 18.e4 Rae8 19.f3 h5 20.Bd2 Nd4 21.a4 Qd7 22.Bc3 
Ne6 23.a5 bxa5 24.exf5 Rxf5 25.Qb3 Rf7 26.Qb5 Qc8 27.Bd2 Nd4 28.Qa4 h4 29.
Be3 h3+ 30.Kh1 Kh7 31.Bxd4 exd4 32.Qd1 Qe6 33.Rb2 Rf5 34.Nc7 Qc6 35.Nxe8 
Qxe8 36.f4 Rf6 37.Re2 Qa8+ 38.Re4 Re6 39.Re1 Rxe4 40.Rxe4 Qb7 41.Kg1 a4 
42.f5 Bh6 43.fxg6+ Kg7 44.Qxa4 Be3+ 45.Kf1 Qb1+ 46.Ke2 Qb2+ 47.Kf3 Qf2+ 
48.Kg4 Qe2+ 49.Kf5 Qh5+ 50.Ke6 Qxg6+ 51.Kd5 Qf5+ 52.Kd6 Qf8+ 53.Re7+ Kf6 
54.Qe8 Qxe8 55.Rxe8 Kf5 56.Re4 Bg1 57.Rf4+ Kg5 58.Rh4 1-0

[Event "45th World U20 ch"]
[Site "Yerevan ARM"]
[Date "2006.10.15"]
[Round "12.26"]
[White "Rej, Tomek"]
[Black "Brandenburg, Daan"]
[Result "1/2-1/2"]
[WhiteElo "2257"]
[BlackElo "2421"]
[EventDate "2006.10.02"]
[PlyCount "127"]

1.d4 d5 2.c4 e5 3.dxe5 d4 4.Nf3 Nc6 5.g3 Nge7 6.Bg2 Ng6 7.O-O Ngxe5 8.Nxe5
Nxe5 9.b3 a5 10.Bb2 Bc5 11.Na3 O-O 12.Nb5 Nc6 13.Qd2 Qe7 14.Nxd4 Nxd4 15.
Bxd4 Bxd4 16.Qxd4 Qxe2 17.Rfe1 Qh5 18.Re5 Qh6 19.Rae1 c6 20.Re7 a4 21.b4 
a3 22.b5 cxb5 23.Bd5 Qf6 24.Qxf6 gxf6 25.cxb5 Ra5 26.Bc4 Ra4 27.Rc7 Rb4 
28.Kg2 Be6 29.Bxe6 fxe6 30.Rxb7 Rb2 31.Rxe6 Rf7 32.Rb8+ Kg7 33.b6 Rxa2 34.
Ra8 Ra1 35.Re4 Kg6 36.Rg8+ Kf5 37.Rb4 a2 38.Ra8 Rb7 39.Rb2 Kg6 40.Kf3 Rb1 
41.Raxa2 Rxb6 42.Rxb1 Rxb1 43.Kg4 Rb4+ 44.f4 Rb5 45.Ra7 h5+ 46.Kh4 Rc5 47.
h3 Rb5 48.g4 hxg4 49.hxg4 Rb1 50.f5+ Kh6 51.Rf7 Rb6 52.Kg3 Rb3+ 53.Kf4 
Rb4+ 54.Kf3 Rb3+ 55.Ke4 Rb4+ 56.Kd5 Rxg4 57.Ke6 Ra4 58.Rxf6+ Kg7 59.Rf7+ 
Kg8 60.Rd7 Ra6+ 61.Ke7 Kg7 62.Rc7 Rf6 63.Rc5 Ra6 64.f6+ 1/2-1/2

[Event "45th World U20 ch"]
[Site "Yerevan ARM"]
[Date "2006.10.15"]
[Round "12.28"]
[White "Kalashian, David"]
[Black "Hungaski, Robert"]
[Result "1/2-1/2"]
[WhiteElo "2381"]
[BlackElo "2366"]
[EventDate "2006.10.02"]
[PlyCount "131"]

1.d4 Nf6 2.c4 e6 3.Nf3 b6 4.g3 Ba6 5.b3 Bb4+ 6.Bd2 Be7 7.Bg2 c6 8.Bc3 d5 
9.Ne5 Nfd7 10.Nxd7 Nxd7 11.Nd2 O-O 12.O-O Rc8 13.e4 dxc4 14.bxc4 b5 15.Re1
bxc4 16.Qa4 Bb5 17.Qc2 Qc7 18.Nf1 Ba3 19.Ne3 Nb6 20.Rab1 Qe7 21.d5 Na4 22.
Ba1 c3 23.dxe6 fxe6 24.Bxc3 Nxc3 25.Qxc3 Rcd8 26.Bh3 Rd3 27.Qe5 Kh8 28.
Qxe6 Qc5 29.Bf1 Rxe3 30.fxe3 Bb4 31.Qb3 Bxe1 32.Rxe1 Bxf1 33.Rxf1 Rxf1+ 
34.Kxf1 h6 35.Kf2 a5 36.h4 Kh7 37.a4 Qf8+ 38.Ke2 Qd6 39.Kf3 Qf8+ 40.Kg2 
Qc5 41.Qd3 Kg8 42.Qd4 Qc2+ 43.Kh3 h5 44.Qd8+ Kh7 45.Qg5 Qd1 46.Qf5+ g6 47.
Qf7+ Kh6 48.Qf8+ Kh7 49.Qf7+ Kh6 50.Kg2 Qc2+ 51.Kg1 Qxa4 52.Qf8+ Kh7 53.
Qf7+ Kh6 54.Qf3 c5 55.Qf4+ Kh7 56.Qf7+ Kh6 57.e5 Qd1+ 58.Kf2 Qd2+ 59.Kf3 
Qd1+ 60.Kf2 Qd2+ 61.Kf3 Qd1+ 62.Kg2 Qe2+ 63.Kh3 Qg4+ 64.Kg2 Qe2+ 65.Kh3 
Qg4+ 66.Kg2 1/2-1/2

[Event "45th World U20 ch"]
[Site "Yerevan ARM"]
[Date "2006.10.15"]
[Round "12.29"]
[White "Gorovets, Andrei"]
[Black "Movsisian, Vardan"]
[Result "1/2-1/2"]
[WhiteElo "2368"]
[BlackElo "2293"]
[EventDate "2006.10.02"]
[PlyCount "52"]

1.e4 c5 2.f4 Nc6 3.Nf3 g6 4.Bb5 Bg7 5.Bxc6 dxc6 6.d3 Nf6 7.Nc3 O-O 8.O-O 
b6 9.Qe1 Ne8 10.Qh4 Nc7 11.Ng5 h6 12.Nf3 e6 13.Qg3 Nb5 14.e5 Nxc3 15.bxc3 
Kh7 16.Be3 c4 17.d4 Qd5 18.h4 h5 19.Qf2 Bb7 20.Qe2 Kg8 21.Nd2 f5 22.Rfb1 
Ba6 23.a4 Rfd8 24.Nf3 Bf8 25.Bc1 Bc8 26.Ba3 b5 1/2-1/2

[Event "45th World U20 ch"]
[Site "Yerevan ARM"]
[Date "2006.10.15"]
[Round "12.30"]
[White "Behmardi, Kalantari Rustam"]
[Black "Sangma, Rahul"]
[Result "0-1"]
[WhiteElo "2210"]
[BlackElo "2301"]
[EventDate "2006.10.02"]
[PlyCount "120"]

1.e4 e5 2.Nf3 Nc6 3.d4 exd4 4.Nxd4 Bc5 5.Nxc6 Qf6 6.Qf3 dxc6 7.Nd2 Be6 8.
Nb3 Bd6 9.Bd3 Bxb3 10.Qxf6 Nxf6 11.axb3 Bc5 12.Bf4 O-O-O 13.f3 Rhe8 14.
O-O-O b5 15.Rhe1 Kb7 16.c3 Nh5 17.Bg5 f6 18.Be3 Bxe3+ 19.Rxe3 Nf4 20.Bf1 
Rxd1+ 21.Kxd1 a5 22.Kc2 f5 23.g3 Nh5 24.Re2 f4 25.Rg2 Re7 26.Bd3 Rf7 27.
Be2 Kb6 28.Kd2 g6 29.Bd1 Kc5 30.Rg1 Rf8 31.gxf4 Rxf4 32.Ke3 Kd6 33.Be2 Rh4
34.Ra1 Rxh2 35.Rxa5 Ng3 36.Bd3 Rxb2 37.b4 h5 38.Ra8 Ke7 39.Kf4 Ne2+ 40.Kg5
Nxc3 41.Kxg6 Rf2 42.e5 Rxf3 43.Bf5 Rg3+ 44.Kxh5 Re3 45.Rh8 Rxe5 46.Kg6 Nd5
47.Rh7+ Kd8 48.Bg4 Re7 49.Rh2 Re4 50.Kf5 Rxb4 51.Bh5 Ne3+ 52.Ke6 Re4+ 53.
Kf6 Kc8 54.Rh3 Kb7 55.Bg6 Nd5+ 56.Kg5 Re3 57.Rh7 b4 58.Bf7 b3 59.Rh2 Kb6 
60.Bh5 c5 0-1

[Event "45th World U20 ch"]
[Site "Yerevan ARM"]
[Date "2006.10.16"]
[Round "13.1"]
[White "Andriasian, Zaven"]
[Black "Pantsulaia, Levan"]
[Result "1/2-1/2"]
[WhiteElo "2463"]
[BlackElo "2596"]
[EventDate "2006.10.02"]
[PlyCount "76"]

1.e4 c6 2.d4 d5 3.Nc3 dxe4 4.Nxe4 Bf5 5.Ng3 Bg6 6.Bc4 e6 7.N1e2 Nf6 8.Nf4 
Bd6 9.c3 Nbd7 10.Qf3 Bxf4 11.Bxf4 Nb6 12.Be2 O-O 13.h4 h6 14.h5 Bh7 15.O-O
Nbd5 16.Bd2 b5 17.a4 a6 18.b3 Rb8 19.axb5 axb5 20.Ra6 Bc2 21.Bd1 Bxd1 22.
Rxd1 Qc8 23.Ra7 c5 24.c4 bxc4 25.bxc4 Nb4 26.d5 Nc2 27.Bxh6 Nd4 28.Qf4 e5 
29.Qxe5 Qg4 30.Rf1 Rb4 31.Be3 Rxc4 32.Bxd4 Qxd4 33.Qxd4 cxd4 34.Rd1 Nxd5 
35.Rd7 Nf6 36.R7xd4 Rxd4 37.Rxd4 Ra8 38.f3 Kh7 1/2-1/2

[Event "45th World U20 ch"]
[Site "Yerevan ARM"]
[Date "2006.10.16"]
[Round "13.3"]
[White "Kryvoruchko, Yuriy"]
[Black "Wen Yang"]
[Result "1/2-1/2"]
[WhiteElo "2581"]
[BlackElo "2416"]
[EventDate "2006.10.02"]
[PlyCount "56"]

1.e4 c5 2.Nf3 Nc6 3.d4 cxd4 4.Nxd4 Qc7 5.Nc3 e6 6.Be3 a6 7.Qd2 Nf6 8.f3 
Ne5 9.O-O-O b5 10.Qe1 Bb7 11.Kb1 Rc8 12.Qg3 b4 13.Na4 h6 14.c4 d6 15.h4 
Ned7 16.b3 Nc5 17.Nxc5 dxc5 18.Ne2 Qxg3 19.Nxg3 Be7 20.Be2 Bd8 21.Bd3 Nd7 
22.Be2 Bc7 23.f4 e5 24.Bg4 Rd8 25.Bxd7+ Rxd7 26.Rxd7 Kxd7 27.f5 Bd6 28.h5 
Be7 1/2-1/2

[Event "45th World U20 ch"]
[Site "Yerevan ARM"]
[Date "2006.10.16"]
[Round "13.9"]
[White "Zhao Jun"]
[Black "Esen, Baris"]
[Result "1-0"]
[WhiteElo "2539"]
[BlackElo "2464"]
[EventDate "2006.10.02"]
[PlyCount "45"]

1.d4 Nf6 2.c4 c5 3.d5 e6 4.Nc3 exd5 5.cxd5 Bd6 6.Nf3 Bc7 7.Bg5 d6 8.Nd2 
O-O 9.e4 a6 10.a4 Nbd7 11.Be2 Re8 12.O-O Nf8 13.Nc4 h6 14.Bxf6 Qxf6 15.e5 
dxe5 16.d6 Bd8 17.Nd5 Qg5 18.Ra3 Be6 19.Rg3 Qh4 20.f4 Nd7 21.Rg4 Bxg4 22.
Bxg4 Nf6 23.g3 1-0

[Event "45th World U20 ch"]
[Site "Yerevan ARM"]
[Date "2006.10.16"]
[Round "13.12"]
[White "Howell, David"]
[Black "Gomez, John Paul"]
[Result "1-0"]
[WhiteElo "2471"]
[BlackElo "2387"]
[EventDate "2006.10.02"]
[PlyCount "103"]

1.e4 c5 2.c3 d5 3.exd5 Qxd5 4.d4 Nf6 5.Nf3 Bg4 6.dxc5 Qxd1+ 7.Kxd1 Nc6 8.
Be3 h6 9.Bc4 g5 10.Nd2 Bh5 11.h4 O-O-O 12.hxg5 hxg5 13.Ke2 Bh6 14.Rxh5 
Nxh5 15.g4 Nf4+ 16.Bxf4 gxf4 17.Bxf7 Bg7 18.Ne4 Ne5 19.Nxe5 Bxe5 20.g5 Kb8
21.Rg1 Rh3 22.Be6 Rh5 23.Bf7 Rh3 24.Be6 Rh5 25.g6 Bg7 26.Bc4 Re5 27.Kf3 
Rh8 28.Ng5 Rxc5 29.Bf7 Rb5 30.Ne6 Bf6 31.g7 Bxg7 32.Rxg7 Rxb2 33.Nxf4 Rc2 
34.Ne2 Rf8 35.Ke3 e5 36.Bb3 Rb2 37.Re7 Rf5 38.f3 Rg5 39.Nc1 a5 40.Nd3 Rb1 
41.Rxe5 Rxe5+ 42.Nxe5 Kc7 43.Kd4 Rf1 44.Bc4 Rd1+ 45.Nd3 a4 46.Kc5 Rb1 47.
Nb4 b6+ 48.Kb5 a3 49.Ka4 Rc1 50.Kb3 Kd6 51.Bd5 b5 52.Be4 1-0